|
|
|
|
| LEADER |
01336nam a2200361 a 4500 |
| 001 |
000707638 |
| 003 |
CZ BrMZK |
| 005 |
20040507091344.0 |
| 007 |
ta |
| 008 |
040304s2003 xr ac e 000 0 rus d |
| 015 |
|
|
|a cnb001298660
|
| 020 |
|
|
|a 80-902242-9-6
|q (brož.)
|
| 040 |
|
|
|a BOA001
|b cze
|
| 041 |
1 |
|
|a rus
|a pol
|h cze
|
| 043 |
|
|
|a e-xr---
|
| 072 |
|
7 |
|a 355/359
|x Vojenství. Obrana země. Ozbrojené síly
|2 Konspekt
|9 15
|
| 080 |
|
|
|a 355.48(437.3)
|2 MRF
|
| 080 |
|
|
|a (036)
|2 MRF
|
| 080 |
|
|
|a 725.945
|2 MRF
|
| 100 |
1 |
|
|a Hanák, Jaromír
|7 jn20001103755
|4 aut
|
| 245 |
1 |
0 |
|a Mogila mira i austerlickoje sraženije =
|b Mogiła pokoju i bitwa pod Austerlitz /
|c [tekst i redakcija Jaromír Hanák ; perevod Renata Špalková, Eva Pešková]
|
| 246 |
3 |
1 |
|a Mogiła pokoju i bitwa pod Austerlitz
|
| 250 |
|
|
|a 1-oje izd.
|
| 260 |
|
|
|a Brno :
|b Ave,
|c 2003
|
| 300 |
|
|
|a 24 s. :
|b il. (převážně barev.), portréty ;
|c 22 cm
|
| 500 |
|
|
|a Souběžný ruský a polský text
|
| 500 |
|
|
|a Překlad z češtiny
|
| 650 |
0 |
7 |
|a Slavkov u Brna, bitva, 1805
|7 ph118085
|2 czenas
|
| 650 |
0 |
7 |
|a památníky
|7 ph115661
|z Česko
|2 czenas
|
| 655 |
|
7 |
|a informační publikace
|7 fd132454
|2 czenas
|
| 910 |
|
|
|a BOA001
|b 2-1131.622
|
| 990 |
|
|
|a BK
|
| 996 |
6 |
|
|b 2610215915
|c 2-1131.622
|l MZK
|r Sklad / do 1 hodiny
|n 0
|p p.v.
|w 000707638
|u 000010
|a 1
|e BOA001
|j MZK50
|s P
|